000 01235cam a2200385 a 4500
001 2407
003 FISKH
005 20231124135938.0
008 030805s2004 idu c 000 1 eng
010 _a 2003111060
020 _a096689409X
020 _a9780439755207
040 _aDLC
_cDLC
_dDLC
_beng
042 _alcac
050 0 0 _aPZ7.S6984
_bDr 2004
082 0 0 _a[Fic]
_222
100 1 _aSonnenblick, Jordan.
245 1 0 _aDrums, girls & dangerous pie /
_cJordan Sonnenblick.
250 _aThis edition first printing, October 2008
260 _aNew York :
_bScholastic,
_c2004
300 _a273 pages :
_c20 cm
505 _aZ'
520 _aWhen his younger brother is diagnosed with leukemia, thirteen-year-old Steven tries to deal with his complicated emotions, his school life, and his desire to support his family.
521 8 _a940
_bLexile
521 8 _aZ'
_bRaz-Plus
650 1 _aBrothers
_vFiction.
650 1 _aLeukemia
_vFiction.
650 1 _aFriendship
_vFiction.
650 1 _aFamily life
_vFiction.
650 1 _aDrum
_vFiction.
650 1 _aMiddle schools
_vFiction.
650 1 _aSchools
_vFiction.
906 _a7
_bcbc
_corignew
_d2
_eepcn
_f20
_gy-gencatlg
942 _2ddc
_cBK
_n0
999 _c2407
_d2407